00437 2200181 4500001002100000005001500021008004100036020001800077035001900095041000700114082000800121090001400129100001500143245002600158250001000184260003100194300003000225INLIS00000000000520920241224113046241224||||||||| | ||| |||| || |  a979-184-711-7 0010-1224005209 aid0 a813 a813 SET M0 aA.SETIAWAN00aMENGAMALKAN PANCASILA aCet.1 bMultazam Mulia Utamac2008 aiv, 52 hlm.; ilus.: 25 cm